01474nam a2200385Ia 4500001001200000003000800012006001900020007001500039008004100054020001500095040002100110035002000131050002600151082001700177245012600194260004100320300002400361490003000385504004100415533015200456650003200608650002500640650002600665650001700691650004300708650003400751650002700785655002900812700001600841700002200857710001700879830004900896856012600945999001701071ebr10023659CaPaEBRm u cr cn|||||||||020402s2002 dcua sb i000 0 eng d z0821351540 aCaPaEBRcCaPaEBR a(OCoLC)5247488114aHF1414b.C6629 2002eb04a658/.04922100aBuilding competitive firmsh[electronic resource] :bincentives and capabilities /cedited by Ijaz Nabi, Manjula Luthria. aWashington, DC :bWorld Bank,c2002. avii, 205 p. :bill.1 aDirections in development aIncludes bibliographical references. aElectronic reproduction.bPalo Alto, Calif. :cebrary,d2009.nAvailable via World Wide Web.nAccess may be limited to ebrary affiliated libraries. 0aCompetition, International. 0aInternational trade. 0aInvestments, Foreign. 0aCompetition. 0aTechnological innovationsxManagement. 0aOrganizational effectiveness. 0aIndustrial efficiency. 7aElectronic books.2local1 aNabi, Ijaz.1 aLuthria, Manjula.2 aebrary, Inc. 0aDirections in development (Washington, D.C.)40uhttp://site.ebrary.com/lib/rucke/Doc?id=10023659zAn electronic book accessible through the World Wide Web; click to view c22689d22689